Remote sensing for monitoring the changing environment of Europe

Saved in:
Bibliographic Details
Other Authors: Winkler, Peter (Editor)
Format: Book
Language:English
Published: Rotterdam; Brookfield : A.A. Balkema, 1993
Subjects:
Tags: Add Tag
No Tags, Be the first to tag this record!

MARC

LEADER 00000nam a2200000 i 4500
001 1/11601
008 971211s1993 eng d
020 |a 90-5410-311-6 
035 |1 ΠΑΡ  |a 1997  |l 10018313 
040 |a GR-MY-UA  |b gre  |e aacr 
041 0 |a eng 
082 0 |a 621.3678 
245 1 0 |a Remote sensing for monitoring the changing environment of Europe /  |c Edited by Peter Winkler 
260 |a Rotterdam; Brookfield :   |b A.A. Balkema,   |c 1993 
300 |a 304 p.  |b ill. 
504 |a Includes index and bibliographical references 
650 0 0 |a Remote sensing  |x Environmental aspects. 
650 0 0 |a Remote sensing  |z Europe  |x Congresses. 
700 1 |a Winkler, Peter.  |4 edt 
852 |a INST  |b LESVOS  |e 19971211  |h 621.3678 REM  |p 005100015237  |q 005100015237  |t BK  |y 0 
909 |a Λ  |b 051579 
922 |a 1ΕΛΗ  |b 199711  |c ΚΠΣ/ΧΑΤΖΟΠΟΥΛΟΣ  |d ΠΑΠΑΣΩΤΗΡΙΟΥ 
950 |a 079/1996-02-06 
970 |z 2000/06/ΟΙΚΟΝΟΜΟΠΟΥΛΟΥ ΧΡΙΣΤΙΝΑ